| 000 | 01014cam a22003137a 4500 | ||
|---|---|---|---|
| 003 | CHAP | ||
| 005 | 20220329135851.0 | ||
| 008 | 971013s1971 r 00010 d | ||
| 010 | _a43536 | ||
| 011 | _a44508 | ||
| 035 | _a48646 | ||
| 040 | _cCHAP | ||
| 090 | _aFolleto 3681 | ||
| 100 | 0 | 0 |
_aRajaram, Sanjaya. _993772 |
| 245 | 1 | 2 | _aA survey on leaf rust resistencia in the USDA world durum collection |
| 260 |
_aMéxico, D. F. : _bCentro Internacional de Mejoramiento de Maíz y Trigo, _c1971 |
||
| 300 |
_a4 p. _b; tablas |
||
| 490 | 0 |
_aResearch bulletin _v; 21 |
|
| 590 |
_aBATCH-UPD _b10 _c20130110 _lUCH01 _h1427 |
||
| 590 |
_aCONVERSION _b10 _c20130109 _lUCH01 _h1324 |
||
| 650 | 1 | 4 |
_aPuccinia triticina. _992832 |
| 650 | 1 | 4 |
_aRoya del trigo. _9100390 |
| 650 | 1 | 4 |
_aTrigo _xVariedades resistentes a enfermedades. _9115120 |
| 700 | 0 |
_aSartori, J. F. _9102669 |
|
| 830 | 0 |
_aResearch bulletin _v; 21 _996062 |
|
| 901 | _aBK | ||
| 942 | _cFOLL | ||
| 949 |
_aFolleto 3681 _bBC _cFOLL _d-110052 _eTS1 _i48646 _mD _si |
||
| 999 |
_c43536 _d43536 |
||